000 00311nam a22001337a 4500
020 _a81-7478-114-5
082 _a823
_bSUB/I
100 _aSUBRAMANIAM, NEELA
245 _aILLUSTRATED CLASSIC STORIES
260 _aCHENNAI
_bYOUNG KIDS PRESS
_c144
520 _aSHORT STORY
650 _aSHORT STORY
942 _cBK
999 _c6499
_d6499